00734nam a2200205 a 450000100100000000500170001000800410002702000150006804000250008308200150010810000360012324500420015926000320020130000210023349000390025450000570029383000480035095201130039899900170051100004394720201002045047.0140509s1974 sp 000 0 spa d a8421103067 aDO-SdBNPbspacBNPHU axxxxbxxxx1 aTrías, Eugenio,d1942-92079810aDrama e identidad /cEugenio Trías. aBarcelona :bBarral,c1974. a218 p. ;c20 cm.1 aBreve biblioteca de respuestav106 aIncluye datos biográficos del autor en las solapas 0aBreve biblioteca de respuesta ;n106971887 001050718MOaGRbGRcCTd2014-05-09iLF1l0oxxxx xxxxp43947-10r2020-06-25w2020-06-25y1ZNo se presta c43436d43436